LDR 00597nam a2200169 i 4500 001 000000103119 003 CaOOAMICUS 005 20010917000000.0 008 010917n it u000 u ita u 013 $a75285 040 $aSeMil$bita 245 10$aVol. 2. 700 1 $aPotthast, August.$0(OLS)http://semarc/name/3469 773 0 $aPotthast, August$tRegesta Pontificum Romanorum.$dGraz : Akademische Druck- u. Verlagsanstalt, 1957.$w()6626 850 $aSeMil 852 $aSeMil$W1$xVenegono$y1$mSL1.F IV 21$j59580$B59580$CSeMilBibl$Z2$F44062 $8I 996 $6245$aVol. 2$9(OLS)http://semarc/title/13458